[Event "I Frech Rating"]
[Site "Budapest"]
[Date "2012.??.??"]
[Round "6.2"]
[White "Krizsany, Laszlo Sr."]
[Black "Bodrogi, Laszlo"]
[Result "1-0"]
[WhiteElo "1899"]
[BlackElo "2012"]
[PlyCount "133"]
[EventDate "2012.06.23"]

1. d4 Nf6 2. Nf3 b6 3. g3 Bb7 4. Bg2 e6 5. O-O Be7 6. Nbd2 O-O 7. b3 Ne4 8. Bb2
f5 9. Nxe4 Bxe4 10. Nd2 Bxg2 11. Kxg2 d6 12. f3 Nd7 13. c4 Bf6 14. Qc2 Qe8 15.
e4 Qg6 16. f4 Be7 17. Rae1 Rae8 18. Rf3 Nf6 19. exf5 exf5 20. Rfe3 Bd8 21. Qd3
Ng4 22. Rxe8 Rxe8 23. Rxe8+ Qxe8 24. Nf1 Qe1 25. Qd2 Qxd2+ 26. Nxd2 Bf6 27. Nf1
c5 28. h3 Nh6 29. Kf2 Nf7 30. Nh2 Nd8 31. Nf3 h6 32. h4 Kf7 33. h5 Nc6 34. Ke3
Ke7 35. Bc3 a6 36. Kd3 Kd8 37. d5 Nb4+ 38. Bxb4 cxb4 39. Nh2 Bb2 40. g4 Bc1 41.
gxf5 Bxf4 42. Nf3 Ke7 43. Ke4 Bg3 44. Nd4 Kf6 45. Ne6 Be1 46. Kf4 Bc3 47. Nc7
Be5+ 48. Kg4 Bc3 49. Nxa6 Ke5 50. Nb8 Ke4 51. Nd7 Bd4 52. Nb8 Kd3 53. Kf3 Kc2
54. Ke2 Kc3 55. Nd7 Bg1 56. f6 gxf6 57. Nxf6 Kd4 58. Ng4 b5 59. cxb5 Kxd5 60.
Nxh6 Ke4 61. Nf7 d5 62. h6 d4 63. h7 d3+ 64. Kd1 Bd4 65. h8=Q Bxh8 66. Nxh8 Kd4
67. Kd2 1-0

[Event "I Frech Rating"]
[Site "Budapest"]
[Date "2012.??.??"]
[Round "6.3"]
[White "Czuczai, Jeno Dr."]
[Black "Zoldy, Robert"]
[Result "0-1"]
[WhiteElo "2120"]
[BlackElo "1974"]
[PlyCount "66"]
[EventDate "2012.06.23"]

1. c4 e6 2. Nf3 d5 3. d4 c5 4. cxd5 exd5 5. Nc3 Nc6 6. g3 Nf6 7. Bg2 Be7 8. O-O
O-O 9. dxc5 Bxc5 10. Bg5 d4 11. Bxf6 Qxf6 12. Ne4 Qe7 13. Ne1 Bb6 14. Nd3 Bf5
15. Nd2 Rfe8 16. Bf3 Rac8 17. Nc4 Nb4 18. b3 Nxd3 19. exd3 Bc5 20. a4 Bb4 21.
Ra2 b6 22. Bg4 Qg5 23. Bxf5 Qxf5 24. Kg2 Re6 25. Re2 Rce8 26. Rxe6 Rxe6 27. f4
h5 28. Rf2 h4 29. g4 Re1 30. Qf3 Qe6 31. f5 Qh6 32. Re2 h3+ 33. Kf2 Qh4+ 0-1

[Event "I Frech Rating"]
[Site "Budapest"]
[Date "2012.??.??"]
[Round "6.4"]
[White "Nagy, Aron"]
[Black "Havaskori, Laszlo"]
[Result "0-1"]
[WhiteElo "2039"]
[BlackElo "1944"]
[PlyCount "114"]
[EventDate "2012.06.23"]

1. Nf3 Nf6 2. c4 g6 3. g3 Bg7 4. Bg2 O-O 5. O-O d6 6. Nc3 c5 7. d3 Nc6 8. a3 e5
9. Ne1 Nd4 10. Nc2 Rb8 11. Ne3 a6 12. Ned5 Nxd5 13. Nxd5 b5 14. cxb5 axb5 15.
Rb1 Ba6 16. e3 Nf5 17. b4 Ne7 18. Nxe7+ Qxe7 19. a4 bxa4 20. Qxa4 c4 21. dxc4
Bxc4 22. Rd1 e4 23. Bb2 d5 24. Bxg7 Kxg7 25. b5 Ra8 26. Qb4 Qe5 27. Bf1 Bxf1
28. Kxf1 Rfb8 29. Qc5 Rc8 30. Qxd5 Qxd5 31. Rxd5 Rc2 32. Kg2 Raa2 33. Rf1 Rab2
34. g4 Kf6 35. Rd6+ Ke5 36. Rb6 Rc5 37. Rb7 Ke6 38. b6 Rc6 39. Kg3 g5 40. h4
gxh4+ 41. Kf4 h3 42. Rh1 Rxf2+ 43. Kxe4 h2 44. Kd3 Ke5 45. Re7+ Kf6 46. b7 Rb6
47. Rc7 Kg5 48. Kd4 Kxg4 49. Kc5 Rbb2 50. Kc6 Rfc2+ 51. Kd7 Rxc7+ 52. Kxc7 Kg3
53. b8=Q Rxb8 54. Kxb8 Kg2 55. Ra1 h1=Q 56. Rxh1 Kxh1 57. Kc7 h5 0-1

[Event "I Frech Rating"]
[Site "Budapest"]
[Date "2012.??.??"]
[Round "6.5"]
[White "Gubics, Peter"]
[Black "Rajcsanyi , Peter"]
[Result "0-1"]
[WhiteElo "2215"]
[BlackElo "1896"]
[PlyCount "50"]
[EventDate "2012.06.23"]

1. e4 c5 2. Nf3 d6 3. d4 cxd4 4. Nxd4 Nf6 5. Nc3 a6 6. f3 e5 7. Nb3 Be6 8. Be3
Nbd7 9. g4 h6 10. Qd2 b5 11. O-O-O Be7 12. h4 b4 13. Nd5 Bxd5 14. exd5 Nb6 15.
Na5 Nfxd5 16. Bxb6 Nxb6 17. f4 Qc7 18. Bg2 d5 19. Bxd5 Nxd5 20. Qxd5 Rc8 21.
Rh2 exf4 22. Re1 O-O 23. g5 f3 24. Rf2 Bc5 25. Rxf3 Be3+ 0-1

[Event "I Frech Rating"]
[Site "Budapest"]
[Date "2012.??.??"]
[Round "7.1"]
[White "Rajcsanyi, Peter"]
[Black "Yip, Michael"]
[Result "1/2-1/2"]
[WhiteElo "1896"]
[BlackElo "2037"]
[PlyCount "40"]
[EventDate "2012.06.23"]

1. e4 d6 2. d4 Nf6 3. Nc3 e5 4. Nf3 Nbd7 5. Bc4 Be7 6. O-O O-O 7. h3 c6 8. a4
a5 9. Re1 exd4 10. Nxd4 Nb6 11. Bd3 c5 12. Nf3 Re8 13. Bf4 g6 14. Bb5 Bd7 15.
Bxd6 Bxb5 16. Nxb5 Nc4 17. e5 Bxd6 18. Nxd6 Nxd6 19. Qxd6 Qxd6 20. exd6 Rad8
1/2-1/2

[Event "I Frech Rating"]
[Site "Budapest"]
[Date "2012.??.??"]
[Round "7.2"]
[White "Havaskori, Laszlo"]
[Black "Gubics, Peter"]
[Result "0-1"]
[WhiteElo "1944"]
[BlackElo "2215"]
[PlyCount "58"]
[EventDate "2012.06.23"]

1. d4 Nf6 2. Nf3 g6 3. g3 Bg7 4. Bg2 O-O 5. O-O d5 6. c4 c5 7. cxd5 cxd4 8.
Nxd4 Nxd5 9. Nf5 Bxf5 10. Qxd5 Qxd5 11. Bxd5 Nc6 12. e4 Bh3 13. Nc3 Bxf1 14.
Kxf1 e6 15. Bb3 Na5 16. Be3 Nxb3 17. axb3 a6 18. f4 Rfd8 19. Ke2 Bd4 20. e5
Rac8 21. Bxd4 Rxd4 22. Ke3 Rcd8 23. Ne4 Rd3+ 24. Ke2 Rxb3 25. h4 Rxb2+ 26. Ke3
Rb3+ 27. Ke2 h5 28. Rc1 a5 29. Rc7 a4 0-1

[Event "I Frech Rating"]
[Site "Budapest"]
[Date "2012.??.??"]
[Round "7.3"]
[White "Zoldi, Robert"]
[Black "Nagy, Aron"]
[Result "1/2-1/2"]
[WhiteElo "1974"]
[BlackElo "2039"]
[PlyCount "49"]
[EventDate "2012.06.23"]

1. e4 c5 2. c3 d6 3. d4 Nf6 4. Bd3 g6 5. Nf3 Bg7 6. O-O O-O 7. h3 Nc6 8. Be3
cxd4 9. cxd4 Nb4 10. Nc3 Nxd3 11. Qxd3 Qa5 12. Qd2 Qh5 13. e5 dxe5 14. dxe5 Nd7
15. Nd5 Nxe5 16. Nxe7+ Kh8 17. Nxe5 Qxe5 18. Nxc8 Rfxc8 19. Rfd1 Qxb2 20. Qxb2
Bxb2 21. Rab1 Be5 22. Rxb7 Kg8 23. f4 Rc3 24. Kf2 Bf6 25. g3 1/2-1/2

[Event "I Frech Rating"]
[Site "Budapest"]
[Date "2012.??.??"]
[Round "7.4"]
[White "Bodrogi, Laszlo"]
[Black "Czuczai, Jeno Dr."]
[Result "1/2-1/2"]
[WhiteElo "2012"]
[BlackElo "2120"]
[PlyCount "109"]
[EventDate "2012.06.23"]

1. d4 f5 2. e4 fxe4 3. Nc3 Nf6 4. f3 e3 5. Bxe3 d5 6. Bd3 c5 7. dxc5 Nc6 8.
Nge2 e5 9. Bf2 d4 10. Ne4 Qa5+ 11. c3 Nxe4 12. Bxe4 dxc3 13. Nxc3 Bxc5 14. O-O
Be6 15. Qa4 Qxa4 16. Nxa4 Bxf2+ 17. Rxf2 O-O-O 18. Rc2 Bd5 19. Nc3 Bxe4 20.
Nxe4 Kb8 21. Rc5 h6 22. Rb1 Rd4 23. a3 a5 24. Rb5 Rhd8 25. Nc5 R8d5 26. Rc1
Rd1+ 27. Rxd1 Rxd1+ 28. Kf2 Nd8 29. Ne4 Nc6 30. Kg3 Kc7 31. Nc5 Nd8 32. Nb3 a4
33. Na5 Re1 34. Rb4 Re2 35. Rxa4 Rxb2 36. Rg4 Ne6 37. Nc4 Re2 38. a4 g5 39. h4
Nf4 40. Kh2 gxh4 41. Nxe5 Nxg2 42. Rxg2 Rxe5 43. Rg4 Rf5 44. Rc4+ Kb6 45. Rb4+
Kc6 46. f4 b6 47. Kh3 h5 48. Kxh4 Kb7 49. Kg3 Ka6 50. Re4 Kb7 51. Rb4 Kc6 52.
Kf3 Rf8 53. Rc4+ Kd5 54. Rb4 Kc6 55. Rc4+ 1/2-1/2

[Event "I Frech Rating"]
[Site "Budapest"]
[Date "2012.??.??"]
[Round "8.1"]
[White "Yip, Michael"]
[Black "Krizsany, Laszlo"]
[Result "1-0"]
[WhiteElo "2037"]
[BlackElo "1899"]
[PlyCount "57"]
[EventDate "2012.06.23"]

1. Nf3 Nf6 2. d4 d5 3. c4 e6 4. Nc3 c6 5. e3 Bd6 6. Qc2 Nbd7 7. b3 O-O 8. Be2
b6 9. O-O Bb7 10. e4 dxe4 11. Nxe4 Nxe4 12. Qxe4 Be7 13. Rd1 Nf6 14. Qc2 Qc7
15. c5 Nd5 16. g3 Bf6 17. Bb2 b5 18. a3 a5 19. Bd3 g6 20. Qd2 Rad8 21. Rac1 Kg7
22. Re1 Rfe8 23. Ne5 Bxe5 24. Rxe5 Ra8 25. Rce1 a4 26. b4 Rad8 27. Bc1 Ne7 28.
Qh6+ Kh8 29. Rh5 1-0

[Event "I Frech Rating"]
[Site "Budapest"]
[Date "2012.??.??"]
[Round "8.2"]
[White "Czuczai, Jeno Dr."]
[Black "Rinyu, Janos"]
[Result "0-1"]
[WhiteElo "2120"]
[BlackElo "2004"]
[PlyCount "58"]
[EventDate "2012.06.23"]

1. d4 b6 2. c4 Bb7 3. Nc3 e6 4. e4 Bb4 5. Bd3 f5 6. d5 fxe4 7. Bxe4 Nf6 8. Bg5
Bxc3+ 9. bxc3 O-O 10. Qc2 h6 11. h4 exd5 12. cxd5 hxg5 13. Bh7+ Nxh7 14. hxg5
Nxg5 15. O-O-O Qf6 16. f3 Qf5 17. Qb3 d6 18. Ne2 Na6 19. Rd4 Nc5 20. Qd1 Ba6
21. Rdh4 Bxe2 22. Qxe2 Rfe8 23. Qd2 Nd3+ 24. Kd1 Nf2+ 25. Kc1 Nxh1 26. Rxh1 Re7
27. Rh5 Nxf3 28. Rxf5 Nxd2 29. Kxd2 Rae8 0-1

[Event "I Frech Rating"]
[Site "Budapest"]
[Date "2012.??.??"]
[Round "8.3"]
[White "Nagy, Aron"]
[Black "Bodrogi, Laszlo"]
[Result "1/2-1/2"]
[WhiteElo "2039"]
[BlackElo "2012"]
[PlyCount "112"]
[EventDate "2012.06.23"]

1. Nf3 c5 2. c4 b6 3. g3 Bb7 4. Bg2 e6 5. O-O Nf6 6. Nc3 Be7 7. Re1 O-O 8. e4
d6 9. d4 cxd4 10. Nxd4 Qc8 11. Be3 Nc6 12. Rc1 Nxd4 13. Bxd4 Nd7 14. f4 a6 15.
f5 Re8 16. fxe6 fxe6 17. Bh3 Bf8 18. Rf1 Qc7 19. Qh5 Ne5 20. b3 Rac8 21. Bxe5
dxe5 22. Rxf8+ Rxf8 23. Bxe6+ Kh8 24. Bxc8 Qc5+ 25. Kh1 Qe3 26. Rd1 Bxc8 27.
Qf7 Rg8 28. Nd5 Qxe4+ 29. Kg1 Bh3 30. Qf2 Rd8 31. Re1 Qd4 32. Qxd4 exd4 33. Rd1
b5 34. Rxd4 bxc4 35. bxc4 g5 36. Kf2 Kg7 37. Ke3 Re8+ 38. Re4 Rb8 39. Re7+ Kg6
40. c5 Rb2 41. Nc3 Rxh2 42. c6 Rg2 43. Ne4 Rxa2 44. Re5 Rc2 45. Rxg5+ Kh6 46.
Rc5 Rxc5 47. Nxc5 a5 48. Kf4 Bc8 49. Na4 Kg6 50. Nb6 Ba6 51. c7 Kf6 52. c8=Q
Bxc8 53. Nxc8 a4 54. Nd6 a3 55. Ne4+ Kg6 56. Nc3 h5 1/2-1/2

[Event "I Frech Rating"]
[Site "Budapest"]
[Date "2012.??.??"]
[Round "8.4"]
[White "Gubics, Peter"]
[Black "Zoldi, Robert"]
[Result "1/2-1/2"]
[WhiteElo "2215"]
[BlackElo "1974"]
[PlyCount "159"]
[EventDate "2012.06.23"]

1. e4 e5 2. Nf3 Nc6 3. Bb5 a6 4. Ba4 Nf6 5. O-O Be7 6. Re1 b5 7. Bb3 O-O 8. h3
Bb7 9. d3 d6 10. c3 Na5 11. Bc2 c5 12. Nbd2 Nc6 13. Nf1 Re8 14. Ne3 Bf8 15. Nh2
d5 16. Qf3 d4 17. Nf5 Ne7 18. Bg5 Nxf5 19. Qxf5 Qd6 20. cxd4 cxd4 21. Bb3 a5
22. a3 Bc8 23. Qf3 Be6 24. Bxe6 Qxe6 25. Bxf6 Qxf6 26. Rec1 Rac8 27. Qg4 Qd8
28. Nf3 Rc7 29. g3 Bd6 30. Kg2 h6 31. Nh4 Kh7 32. Qd1 g6 33. Rxc7 Qxc7 34. Rc1
Qe7 35. Qb3 Rb8 36. Qd5 Rb6 37. Nf3 Qb7 38. Qxb7 Rxb7 39. Rc6 Bb8 40. Rc5 f6
41. Nd2 Kg7 42. Kf1 Kf7 43. Ke2 Ke7 44. Nb3 Bc7 45. Rc6 Bd8 46. Kd2 a4 47. Nc1
Ba5+ 48. Ke2 Rc7 49. Rxc7+ Bxc7 50. Kd2 Bd6 51. Kc2 b4 52. axb4 Bxb4 53. g4 Kd6
54. Na2 Kc5 55. Nc1 Be1 56. f3 Bb4 57. Ne2 Be1 58. f4 Kb4 59. fxe5 fxe5 60. Ng1
a3 61. bxa3+ Kxa3 62. Nf3 Bg3 63. Nd2 h5 64. gxh5 gxh5 65. Nc4+ Kb4 66. Nb6 h4
67. Kd1 Kc3 68. Ke2 Kc2 69. Nd5 Bh2 70. Ne7 Bg3 71. Nf5 Kc3 72. Nh6 Kc2 73. Nf7
Kc3 74. Nd6 Kc2 75. Nc4 Kc3 76. Nd2 Kc2 77. Nc4 Kc3 78. Nb6 Kc2 79. Nd5 Bh2 80.
Nb4+ 1/2-1/2

[Event "I Frech Rating"]
[Site "Budapest"]
[Date "2012.??.??"]
[Round "8.5"]
[White "Rajcsanyi, Peter"]
[Black "Havaskori , Laszlo"]
[Result "1/2-1/2"]
[WhiteElo "1896"]
[BlackElo "1944"]
[PlyCount "106"]
[EventDate "2012.06.23"]

1. e4 e5 2. Nf3 Nc6 3. Bb5 d6 4. d4 exd4 5. Qxd4 Bd7 6. Bxc6 bxc6 7. Nc3 Qf6 8.
Bg5 Qxd4 9. Nxd4 h6 10. Be3 Ne7 11. O-O-O Ng6 12. Rhe1 Be7 13. Nb3 a5 14. a3
O-O 15. g3 Rfb8 16. f4 Nf8 17. f5 a4 18. Nd4 Bf6 19. Rd3 Ra5 20. Nd1 c5 21. Ne2
c4 22. Rd5 Rxd5 23. exd5 Bxf5 24. Nec3 Bd7 25. h4 Ng6 26. Ne4 Be5 27. Bf2 f5
28. Nec3 h5 29. Kb1 Bf6 30. Be3 Ne5 31. Rf1 Ng4 32. Bc1 Re8 33. Bd2 Bd4 34. Re1
Re5 35. Re2 Kf7 36. Bf4 Rxe2 37. Nxe2 Bc5 38. Ka2 Nf6 39. Ndc3 g6 40. b3 cxb3+
41. cxb3 axb3+ 42. Kxb3 c6 43. dxc6 Bxc6 44. a4 Ke8 45. Nb5 Kd7 46. Ned4 Bd5+
47. Kc2 Ne4 48. a5 Bb7 49. Kb3 Ba6 50. Ka4 Nf6 51. Bd2 Nd5 52. Bg5 Nb4 53. Nb3
Nd5 1/2-1/2

[Event "I Frech Rating"]
[Site "Budapest"]
[Date "2012.??.??"]
[Round "9.1"]
[White "Havaskori, Laszlo"]
[Black "Yip, Michael"]
[Result "0-1"]
[WhiteElo "1944"]
[BlackElo "2037"]
[PlyCount "64"]
[EventDate "2012.06.23"]

1. e4 d6 2. d4 Nf6 3. Nc3 e5 4. Nf3 Nbd7 5. Bd3 Be7 6. h3 c6 7. Be3 b6 8. a4
O-O 9. O-O Bb7 10. Re1 a6 11. Qe2 Re8 12. Rad1 Bf8 13. Bg5 h6 14. Bh4 Qc7 15.
dxe5 dxe5 16. g4 g6 17. Bg3 Bg7 18. Bc4 b5 19. Bb3 Rad8 20. g5 Nh5 21. gxh6
Bxh6 22. Nh4 Nxg3 23. fxg3 Nc5 24. Ba2 Kg7 25. Rf1 Rf8 26. Qg4 Bc8 27. Nf5+ Kh7
28. Bxf7 Bxf5 29. exf5 Qxf7 30. fxg6+ Qxg6 31. Qxg6+ Kxg6 32. axb5 axb5 0-1

[Event "I Frech Rating"]
[Site "Budapest"]
[Date "2012.??.??"]
[Round "9.3"]
[White "Bodrogi, Laszlo"]
[Black "Gubics, Peter"]
[Result "1/2-1/2"]
[WhiteElo "2012"]
[BlackElo "2215"]
[PlyCount "58"]
[EventDate "2012.06.23"]

1. d4 Nf6 2. c4 g6 3. Nc3 d5 4. Nf3 Bg7 5. e3 O-O 6. b4 Bf5 7. Ne5 a5 8. b5 c5
9. bxc6 Nxc6 10. Nxc6 bxc6 11. Ba3 Ne4 12. Nxe4 Bxe4 13. f3 Bf5 14. Bd3 Qd7 15.
Qc2 Bxd3 16. Qxd3 Rfe8 17. Kf2 dxc4 18. Qxc4 e5 19. Rad1 exd4 20. exd4 Rad8 21.
Bc5 Qf5 22. Rhe1 Rxe1 23. Rxe1 Qf4 24. Bb6 Bxd4+ 25. Kf1 Qd2 26. Re2 Qd1+ 27.
Re1 Qd2 28. Re2 Qd1+ 29. Re1 Qd2 1/2-1/2

[Event "I Frech Rating"]
[Site "Budapest"]
[Date "2012.??.??"]
[Round "9.4"]
[White "Rinyu, Janos"]
[Black "Nagy, Aron"]
[Result "1/2-1/2"]
[WhiteElo "2004"]
[BlackElo "2039"]
[PlyCount "24"]
[EventDate "2012.06.23"]

1. d4 c5 2. c3 Nf6 3. Nf3 g6 4. Bf4 Bg7 5. e3 b6 6. Bd3 Bb7 7. Nbd2 O-O 8. O-O
d6 9. Qe2 Nbd7 10. h3 Re8 11. Bh2 e5 12. Bb5 cxd4 1/2-1/2

[Event "I Frech Rating"]
[Site "Budapest"]
[Date "2012.??.??"]
[Round "5.5"]
[White "Bodrogi, Laszlo"]
[Black "Rinyu, Janos"]
[Result "1-0"]
[WhiteElo "2012"]
[BlackElo "2004"]
[PlyCount "51"]
[EventDate "2012.06.23"]

1. e4 b6 2. d4 Bb7 3. Bd3 g6 4. Nf3 Bg7 5. Nc3 d6 6. O-O Nd7 7. Be3 e6 8. Qd2
h6 9. Rfe1 Ne7 10. Rad1 a6 11. h3 c5 12. a4 Qc7 13. Qe2 d5 14. exd5 Nxd5 15.
Nxd5 Bxd5 16. c4 Bxf3 17. Qxf3 O-O 18. Bf4 e5 19. dxe5 Nxe5 20. Qg3 Rfe8 21. h4
Re6 22. Be4 Rd8 23. Bd5 Rxd5 24. cxd5 Re8 25. d6 Qd7 26. Bxe5 1-0